01045 a2200253 45000010006000000050017000060080041000230030015000640400040000790800083001192450047002022640043002493000019002925050166003111000027004777000028005047000024005327000026005567000020005827000020006027000020006227000023006428560126006652616720260407155543.0260407a1979 arg spa dAR-UNSa-BCEJYS aAR-UNSa-BCEJYSbspacAR-UNSa-BCEJYS a658.15xAdministración financiera privada. Gestión financiera de empresas 10aAdministración financierapprimera parte 1aBuenos Aires :bEdiciones Macchic1979 a138 p.c22 cm. a1. La función financiera - 2. Cálculo financiero - 3. Instrumentos para el análisis y control financiero - 4. El costo de capital - 5. El costo de capital.1 aBasagaña, Eduardo J.1 aGonzalez Dosil, Roberto1 aRosenzvaig, Alfredo1 aBarboza, Guillermo E.1 aBaigun, Alberto1 aGroll, Simon A.1 aBaer, Carlos A.1 aDesouches, Gerardo41uhttps://biblioeco.unsa.edu.ar/pmb/images/libros/Administracion%20Financiera%203ed%20v1.jpgyImagen de portadaqimage/jpeg